MARC

LEADER 00000nam0a2200000 4500
001 303820
005 20231102001636.0
035 |a (RuTPU)RU\TPU\book\329048 
090 |a 303820 
100 |a 20150905d1983 km y0rusy50 ca 
101 0 |a rus 
102 |a EE 
105 |a a z 000zy 
200 1 |a Исследования по строительству. Планирование и управление . Экономика строительства  |f Научно-исследовательский институт строительства ; отв. ред. Л. Г. Голуб 
210 |a Таллин  |c Валгус  |d 1983 
215 |a 132 с.  |c ил. 
606 1 |a Строительные организации  |x Экономика  |2 stltpush  |3 (RuTPU)RU\TPU\subj\57690  |9 75548 
610 1 |a планирование 
610 1 |a управление 
610 1 |a автоматизация 
610 1 |a календарное планирование 
610 1 |a капитальное строительство 
610 1 |a автоматизированные системы управления 
610 1 |a моделирование 
675 |a 69:658  |v 4 
702 1 |a Голуб  |b Л. Г.  |4 340 
712 0 2 |a Научно-исследовательский институт строительства  |2 stltpush  |3 (RuTPU)RU\TPU\col\11255  |9 24996 
801 1 |a RU  |b 63413507  |c 20150905 
801 2 |a RU  |b 63413507  |c 20190417  |g RCR 
942 |c BK